Normal view
MARC view
- المحاسبة -- معجم مصطلحات -- إدارة الأعمال -- معجم مصطلحات
Entry Topical Term
001 - CONTROL NUMBER
- control field: 28466
003 - CONTROL NUMBER IDENTIFIER
- control field: JO-AjAnu
005 - DATE AND TIME OF LATEST TRANSACTION
- control field: 20230606074825.0
008 - FIXED-LENGTH DATA ELEMENTS
- fixed length control field: 230606|| aca||aabn | a|a d
040 ## - CATALOGING SOURCE
- Original cataloging agency: JO-AjAnu
- Transcribing agency: JO-AjAnu
150 ## - HEADING--TOPICAL TERM
- Topical term or geographic name entry element: المحاسبة -- معجم مصطلحات -- إدارة الأعمال -- معجم مصطلحات
670 ## - SOURCE DATA FOUND
- Source citation: Work cat.: (JO-AjAnu)14612: أبو غزالة، طلال, author 28465, معجم أبو غزالة للمحاسبة والأعمال = Abu-ghzaleh accuntancy & business dictionary